| 000 | 00428nam a2200157 4500 | ||
|---|---|---|---|
| 001 | 145000 | ||
| 003 | ES-MaACL | ||
| 005 | 20230906201138.0 | ||
| 007 | t| | ||
| 008 | 070214s1907 xxk r ||||1| eng d | ||
| 100 | 1 |
_aSnaith, John Collins. _9106952 |
|
| 245 | 1 | 0 |
_aWilliam Jordan junior / _cby J. C. Snaith. |
| 260 |
_aLondon : _bArchibald Constable & Co., _c1907. |
||
| 300 |
_a356 p. ; _c19 cm. |
||
| 852 |
_aES-MaACL _jA-3920 |
||
| 999 |
_c145000 _d145000 |
||